|
|
|
|
| LEADER |
00000cam a2200000 7i4500 |
| 001 |
0000001387 |
| 005 |
20010613.0 |
| 090 |
0 |
0 |
|a 634.97517
|b WOR 1975
|
| 100 |
1 |
0 |
|a WORMALD
|h T. J.
|
| 245 |
1 |
0 |
|a Pinus patula
|c compiled by T. J. Wormald
|
| 260 |
0 |
0 |
|a Oxford [Eng.] :
|b Dept. of Forestry, University of Oxford ,
|c 1975
|
| 300 |
|
|
|a xii, 172, [28] p., [7] leaves of plates :
|b ill. ;
|c 30 cm.
|
| 440 |
0 |
0 |
|a Tropical forestry papers ; 7
|
| 500 |
0 |
0 |
|a Bibliography: [p. 153-172]
|
| 650 |
0 |
0 |
|a Pinus patula
|
| 998 |
|
|
|a JPSM
|
| 999 |
|
|
|a 0000002418
|b Monograph
|c Open Shelf
|e Default branch
|